Essentials of Physical Chemistry SI Units: (Record no. 193765)
[ view plain ]
| 000 -LEADER | |
|---|---|
| fixed length control field | 00990nam a22002417a 4500 |
| 005 - DATE AND TIME OF LATEST TRANSACTION | |
| control field | 20241218123832.0 |
| 010 ## - LCCN (DPL NO) | |
| LC control number | B-746602-606 E.N.A. / 7.11.22 ENG-143078 |
| 020 ## - INTERNATIONAL STANDARD BOOK NUMBER | |
| International Standard Book Number | 9789355012760 |
| Terms of availability | 1375.00 |
| 035 ## - SYSTEM CONTROL NUMBER | |
| System control number | B-746602-606 |
| 035 ## - SYSTEM CONTROL NUMBER | |
| System control number | EN-126610 |
| 037 ## - SOURCE OF ACQUISITION | |
| Source of stock number/acquisition | Aakar |
| 082 ## - DEWEY DECIMAL CLASSIFICATION NUMBER | |
| Classification number | 541.3 |
| 100 ## - MAIN ENTRY--PERSONAL NAME | |
| Personal name | Bahl, Arun |
| 245 ## - TITLE STATEMENT | |
| Title | Essentials of Physical Chemistry SI Units: |
| Remainder of title | For BSc Students/ |
| Statement of responsibility, etc | By Arun Bahl. ..[et.al] |
| 250 ## - EDITION STATEMENT | |
| Edition statement | 28th |
| 260 ## - PUBLICATION, DISTRIBUTION, ETC. (IMPRINT) | |
| Place of publication, distribution, etc | New Delhi |
| Name of publisher, distributor, etc | S Chand And Company Limited |
| Date of publication, distribution, etc | 2022 |
| 270 ## - ADDRESS | |
| Address | Block B-1,House No.D-1, Ground Floor,Mohan Co-operative Industrial Estate |
| City | New Delhi |
| Postal code | 110044 |
| Telephone number | 011-66672000 |
| Electronic mail address | info@schandpublishing.com |
| 300 ## - PHYSICAL DESCRIPTION | |
| Extent | 1222p |
| Dimensions | 24cm(hbk) |
| 700 ## - ADDED ENTRY--PERSONAL NAME | |
| Personal name | Bahi, S B |
| 9 (RLIN) | 75358 |
| 700 ## - ADDED ENTRY--PERSONAL NAME | |
| Personal name | Tuli, D G |
| 9 (RLIN) | 75359 |
| 942 ## - ADDED ENTRY ELEMENTS (KOHA) | |
| Source of classification or shelving scheme | Dewey Decimal Classification |
| Item type | English Books |
| Call number suffix | BAH |
| Classification part | 541.3 |
| Withdrawn status | Lost status | Not for loan | Collection code | Home library | Current library | Date acquired | Source of acquisition | Cost, normal purchase price | Full call number | Barcode | Copy number | Cost, replacement price | Koha item type |
|---|---|---|---|---|---|---|---|---|---|---|---|---|---|
| Non-fiction | Bawana | Bawana | 27/01/2023 | Aakar Books/I-2244/28.11.22/142/23.11.22/2.12.22 | 1375.00 | 541.3 BAH | B-746605 | 1 | 1375.00 | English Books | |||
| Non-fiction | Central Library | Central Library | 27/01/2023 | Aakar Books/I-2244/28.11.22/142/23.11.22/2.12.22 | 1375.00 | 541.3 BAH | B-746602 | 1 | 1375.00 | English Books | |||
| Non-fiction | Kasturba Gandhi Marg | Kasturba Gandhi Marg | 18/12/2024 | Delivery of Books Division | 1375.00 | BAH 541.3 | EN-126610 | 1 | 1375.00 | English Books | |||
| Non-fiction | Patel Nagar | Patel Nagar | 27/01/2023 | Aakar Books/I-2244/28.11.22/142/23.11.22/2.12.22 | 1375.00 | 541.3 BAH | B-746603 | 1 | 1375.00 | English Books | |||
| Non-fiction | Sarojini Nagar | Sarojini Nagar | 27/01/2023 | Aakar Books/I-2244/28.11.22/142/23.11.22/2.12.22 | 1375.00 | 541.3 BAH | B-746604 | 1 | 1375.00 | English Books | |||
| Non-fiction | Shahdara Branch | Shahdara Branch | 27/01/2023 | Aakar Books/I-2244/28.11.22/142/23.11.22/2.12.22 | 1375.00 | 541.3 BAH | B-746606 | 1 | 1375.00 | English Books |
